Ορισμός ξηρασίας : τρόποι εκτίμησης μέτρησης απο διαθέσιμα δεδομένα : πτυχιακή εργασία
Στην παρούσα πτυχιακή εργασία δίνεται ο ορισμός τη ξηρασίας και στην συνέχεια γίνεται η εκτίμησή της με την χρήση του δείκτη ξηρασίας SPI. Εντοπίζονται τα επεισόδια ακραίας ξηρασίας στην περιοχή μελέτης,επίσης αναλύονται και τα δεδομένα των βροχοπτώσεων και των θερμοκρασιών και μελετάτε και η μεταξύ...
Αποθηκεύτηκε σε:
| Κύριος συγγραφέας: | |
|---|---|
| Συγγραφή απο Οργανισμό/Αρχή: | |
| Μορφή: | Thesis Βιβλίο |
| Γλώσσα: | Greek |
| Δημοσίευση: |
[2014].
|
| Θέματα: | |
| Διαθέσιμο Online: | http://hdl.handle.net/11610/8130 |
| Ετικέτες: |
Προσθήκη ετικέτας
Δεν υπάρχουν, Καταχωρήστε ετικέτα πρώτοι!
|
MARC
| LEADER | 00000cam a2200000 i 4500 | ||
|---|---|---|---|
| 001 | 1/53556 | ||
| 008 | 140822q2014 gr | ||| |||| ||gre|| | ||
| 035 | |l 10118696 | ||
| 040 | |a GR-MyUA |b gre |e AACR2 | ||
| 041 | 0 | |a gre | |
| 082 | 0 | |a 551.5773 |2 (22) | |
| 100 | 1 | |a Καφετζή, Λεμονιά. | |
| 245 | 1 | 0 | |a Ορισμός ξηρασίας : |b τρόποι εκτίμησης μέτρησης απο διαθέσιμα δεδομένα : πτυχιακή εργασία / |c Λεμονιά Καφετζή ; επιβλέπων καθηγητής Δημήτριος-Φραγκίσκος Λέκκας. |
| 260 | |c [2014]. | ||
| 300 | |a 93 σ. : |b σχέδια, πιν. ; |c 30 εκ. | ||
| 500 | |a Μέλη της εξεταστικής επιτροπής: Δημήτριος-Φραγκίσκος Λέκκας, Δημητράκος Θεοδόσης, Κουντζάκης Χρήστος. | ||
| 502 | |a Πτυχιακή εργασία – Πανεπιστήμιο Αιγαίου, Σάμος, 2014. | ||
| 504 | |a Βιβλιογραφία: σ. 93. | ||
| 506 | 1 | |a Διάθεση πλήρους κειμένου ; |d Ενδοπανεπιστημιακή δημοσίευση. | |
| 520 | |a Στην παρούσα πτυχιακή εργασία δίνεται ο ορισμός τη ξηρασίας και στην συνέχεια γίνεται η εκτίμησή της με την χρήση του δείκτη ξηρασίας SPI. Εντοπίζονται τα επεισόδια ακραίας ξηρασίας στην περιοχή μελέτης,επίσης αναλύονται και τα δεδομένα των βροχοπτώσεων και των θερμοκρασιών και μελετάτε και η μεταξύ τους σχέση. | ||
| 610 | 2 | 0 | |a University of the Aegean |x Dissertations. |
| 650 | 0 | 0 | |a Droughts. |
| 650 | 0 | 0 | |a Dissertations, Academic |z Greece. |
| 700 | 1 | |a Λέκκας, Δημήτριος-Φραγκίσκος Θ. |e dgs | |
| 710 | 2 | |a Πανεπιστήμιο Αιγαίου. |b Σχολή Θετικών Επιστημών. |b Τμήμα Στατιστικής και Αναλογιστικών-Χρηματοοικονομικών Μαθηματικών. | |
| 852 | |a INST |b SAMOS |c DIATR |e 20140822 |h 551.5773 ΚΑΦ |p 005300036947 |q 005300036947 |t DIE |y 23 | ||
| 852 | |a INST |b SAMOS |c DIATR |e 20140822 |h 551.5773 ΚΑΦ |p 005300036948 |q 005300036948 |t DIE |y 23 | ||
| 856 | |u http://hdl.handle.net/11610/8130 | ||
| 901 | |a BIBL3-2014-2 | ||
| 909 | |a Σ |b 185131 | ||
| 909 | |a Σ |b 185132 | ||
| 924 | |a ΚΑΦΕΤΖΗ |b ΛΕΜΟΝΙΑ |y Σάμος |z 2014-06 | ||
| 970 | |a ΚΟΣΙΕΡΗΣ |b ΧΡΗΣΤΟΣ |z 2014/08/22 | ||